000 00701nam a22002292 4500
001 0000012811
005 20151217152114.0
008 090320s xx 000 0 eng d
020 _a0198567707 :
040 _aKABU
_cKABU
100 1 _aBlundell, Stephen J.
_@0000169754
245 1 0 _aConcepts in thermal physics /
_cStephen J. Blundell and Katherine M. Blundell.
250 _a1st ed.
260 _aOxford :
_bO. U. P.,
_c2006.
300 _axviii, 464 p.
650 0 _aThermodynamics.
_@0000153888
650 0 _aHeat.
_@0000153887
700 1 _aBlundell, Katherine M.
_@0000169755
852 1 _9p4162.50 KES
908 _a090320
950 _@1
999 _c8329
_d8329